Central Library OPAC University of Rajshahi

ইসলামী ব্যাংক ব্যবস্থা / (Record no. 62475)

MARC details
000 -LEADER
fixed length control field 01172nam a2200265 a 4500
001 - CONTROL NUMBER
control field 62475
003 - CONTROL NUMBER IDENTIFIER
rucl marc code BD-RjUL
005 - DATE AND TIME OF LATEST TRANSACTION
control field 20211209081105.0
008 - FIXED-LENGTH DATA ELEMENTS--GENERAL INFORMATION
fixed length control field 170124s1984 bg ||||| |||| 00| 0 ben d
020 ## - INTERNATIONAL STANDARD BOOK NUMBER
Terms of availability : Tk. 16.00
035 ## - SYSTEM CONTROL NUMBER
System control number (BD-RjUL)62601
040 ## - CATALOGING SOURCE
Original cataloging agency BD-RjUL
Language of cataloging ben
Transcribing agency BD-RjUL
041 ## - LANGUAGE CODE
Language code of text/sound track or separate title ben
082 ## - DEWEY DECIMAL CLASSIFICATION NUMBER
Edition number 23
Classification number 332.1091767
Author mark and year ISI 1984
100 ## - MAIN ENTRY--PERSONAL NAME
Personal name ইসলাম, তাজুল
9 (RLIN) 176779
245 10 - TITLE STATEMENT
Title ইসলামী ব্যাংক ব্যবস্থা /
Statement of responsibility, etc. তাজুল ইসলাম, আবু মতাহের মোহাম্মদ সালেহ
250 ## - EDITION STATEMENT
Edition statement ১ম সং.
260 ## - PUBLICATION, DISTRIBUTION, ETC. (IMPRINT)
Place of publication, distribution, etc. ঢাকা :
Name of publisher, distributor, etc. ইসলামিক ইকনমিকস রিসার্চ ব্যুরো,
Date of publication, distribution, etc. ১৯৮৪
300 ## - PHYSICAL DESCRIPTION
Pagination ৮৮ পৃ. ;
Size ২৩ সেমি.
650 ## - SUBJECT ADDED ENTRY--TOPICAL TERM
Topical term or geographic name as entry element ব্যাংক ও ব্যাংকিং
General subdivision ধর্মীয় দিক
-- ইসলাম
9 (RLIN) 185766
Topical term or geographic name as entry element Banks and banking
General subdivision Religious aspects
-- Islam
9 (RLIN) 174782
Topical term or geographic name as entry element Banks and banking
Geographic subdivision Islamic countries
9 (RLIN) 174781
700 ## - ADDED ENTRY--PERSONAL NAME
Personal name সালেহ, আবু মতাহের মোহাম্মদ
942 ## - ADDED ENTRY ELEMENTS (KOHA)
Source of classification or shelving scheme Dewey Decimal Classification
Koha item type Books
Holdings
Lost status Source of classification or shelving scheme Damaged status Not for loan Collection code Permanent Location Current Location Shelving location Date acquired Source of acquisition Total Checkouts Full call number Date last seen Copy number Koha item type
  Dewey Decimal Classification   Not For Loan Non-fiction Central Library, University of Rajshahi Central Library, University of Rajshahi Reading Room 27/02/1986 Author   B 332.1091767 ISI 1984 24/01/2017 C-1 Books